[Event "Interclub A"]
[Site "Adelaide"]
[Date "2008.05.27"]
[Round "5.1"]
[White "Zorkovic, Ante"]
[Black "Zaric, Srboljub"]
[Result "0-1"]
[WhiteElo "1506"]
[BlackElo "2101"]
[PlyCount "52"]
[EventDate "2008.04.29"]

1. e4 e6 2. Bc4 d5 3. exd5 exd5 4. Bb3 c6 5. d4 Bd6 6. Nf3 Bg4 7. h3 Bh5 8. Be3
Nf6 9. Nc3 b5 10. a3 Nbd7 11. Qe2 O-O 12. Qd3 Re8 13. Ne2 Qc7 14. c3 Bg6 15.
Qd1 Nb6 16. Nd2 Re6 17. Bc2 Rae8 18. Bxg6 hxg6 19. O-O Nc4 20. Nxc4 dxc4 21.
Re1 Qe7 22. Qc1 Nd5 23. Qd2 Nxe3 24. fxe3 Rxe3 25. Kf1 Bh2 26. Ng1 Bxg1 0-1

[Event "Interclub A"]
[Site "Adelaide"]
[Date "2008.05.27"]
[Round "5.2"]
[White "Hoff, Michael"]
[Black "Ivkovic, Novica"]
[Result "1-0"]
[WhiteElo "1840"]
[BlackElo "1717"]
[PlyCount "57"]
[EventDate "2008.04.29"]

1. e4 d5 2. exd5 Qxd5 3. Nc3 Qe6+ 4. Be2 Qg6 5. Bf3 Nf6 6. d3 Na6 7. Bf4 c6 8.
Qd2 Bf5 9. O-O-O Nb4 10. Nge2 Nfd5 11. a3 Nxc3 12. Nxc3 Na6 13. h3 f6 14. g4
Be6 15. Qe3 Qf7 16. d4 g5 17. Bg3 Bd5 18. Nxd5 cxd5 19. Qb3 e6 20. Rhe1 O-O-O
21. Qc3+ Nc7 22. Rxe6 Rd7 23. Rde1 Bg7 24. Bxd5 Rhd8 25. Rc6 bxc6 26. Bxf7 Rxf7
27. Qxc6 h5 28. d5 Kb8 29. d6 1-0

[Event "Interclub A"]
[Site "Adelaide"]
[Date "2008.05.27"]
[Round "5.3"]
[White "Miletic, Savo"]
[Black "Lidums, Aivars"]
[Result "0-1"]
[WhiteElo "1533"]
[BlackElo "1583"]
[PlyCount "92"]
[EventDate "2008.04.29"]

1. d4 Nf6 2. Nf3 e6 3. c3 b6 4. Bf4 Bb7 5. Nbd2 Be7 6. Qc2 d5 7. e3 O-O 8. Bd3
h6 9. h3 c5 10. g4 c4 11. Be2 Nh7 12. Ne5 Nc6 13. Bf3 b5 14. Rg1 b4 15. Nxc6
Bxc6 16. Nxc4 bxc3 17. bxc3 Rc8 18. Nb2 Bb5 19. Qd2 Qa5 20. Nd1 Rc6 21. Be2 Ba4
22. Rc1 Bxd1 23. Bxd1 Rfc8 24. Kf1 Rxc3 25. Rxc3 Qxc3 26. Qxc3 Rxc3 27. Bb3 Nf8
28. Ke2 Nd7 29. g5 hxg5 30. Rxg5 Bxg5 31. Bxg5 f6 32. Bf4 Kf7 33. Bd6 Kg6 34.
Kd2 Rc6 35. Bg3 Nb6 36. Bb8 a5 37. Ba7 Kh5 38. f3 Kh4 39. e4 Kxh3 40. Kd3 Kg3
41. Bxb6 dxe4+ 42. fxe4 Rxb6 43. d5 exd5 44. exd5 Kf4 45. Kd4 Rd6 46. a4 g5 0-1

[Event "Interclub A"]
[Site "Adelaide"]
[Date "2008.05.27"]
[Round "5.4"]
[White "Atrens, Edvard"]
[Black "Lozic, Anto"]
[Result "0-1"]
[WhiteElo "1397"]
[BlackElo "1407"]
[PlyCount "78"]
[EventDate "2008.04.29"]

1. e4 e5 2. Nf3 Nc6 3. Bb5 Nge7 4. d4 exd4 5. Nxd4 Nxd4 6. Qxd4 c6 7. Bd3 d6 8.
O-O Be6 9. Bg5 f6 10. Bh4 Ng6 11. Bg3 Be7 12. f4 Bf7 13. Nc3 O-O 14. Bc4 b5 15.
Bxf7+ Rxf7 16. Qd3 a6 17. Rae1 Qc7 18. Qf3 Rff8 19. h4 a5 20. h5 Nh8 21. Ne2
Nf7 22. Nd4 Qb6 23. Bf2 c5 24. Ne6 Rfe8 25. Qg3 Bf8 26. Nxf8 Rxf8 27. Re3 Qc7
28. Rd1 Rfe8 29. Qf3 b4 30. Bg3 Qc6 31. Qe2 c4 32. Re1 Re7 33. Qf3 Rae8 34. Bh4
Kh8 35. g4 a4 36. g5 fxg5 37. Bxg5 Nxg5 38. fxg5 Qc5 39. Qg4 Rxe4 0-1

[Event "Interclub A"]
[Site "Adelaide"]
[Date "2008.05.27"]
[Round "5.1"]
[White "Kerr, Bill"]
[Black "Hubczenko, Ilya"]
[Result "1-0"]
[WhiteElo "1958"]
[BlackElo "1576"]
[PlyCount "53"]
[EventDate "2008.04.29"]

1. d4 Nf6 2. Bg5 e6 3. e4 h6 4. Bxf6 Qxf6 5. Nf3 b6 6. Nc3 Bb4 7. Qd2 Bb7 8.
Bd3 c5 9. a3 cxd4 10. axb4 dxc3 11. bxc3 Nc6 12. O-O O-O 13. Ba6 Bxa6 14. Rxa6
Rfd8 15. Qe3 Ne5 16. Nd4 Qe7 17. f4 Nc6 18. f5 f6 19. fxe6 Nxd4 20. cxd4 Qxb4
21. e5 dxe6 22. c3 Qc4 23. exf6 Rf8 24. Raa1 g5 25. Qe4 Kf7 26. Qh7+ Ke8 27.
Qe7# 1-0

[Event "Interclub A"]
[Site "Adelaide"]
[Date "2008.05.27"]
[Round "5.2"]
[White "Harrison, Richard"]
[Black "Jelic, Mato"]
[Result "0-1"]
[WhiteElo "1085"]
[BlackElo "1741"]
[PlyCount "86"]
[EventDate "2008.04.29"]

1. e4 c5 2. Nf3 Nc6 3. d4 cxd4 4. Nxd4 g6 5. Nc3 Bg7 6. Be3 Nf6 7. Nxc6 bxc6 8.
e5 Nd5 9. Nxd5 cxd5 10. Qxd5 Rb8 11. Bxa7 Rxb2 12. Bd3 Bb7 13. Qd4 Qa5+ 14. Kf1
Bxe5 15. Qe3 O-O 16. Qc5 Qxc5 17. Bxc5 d6 18. Ba3 Rb6 19. Re1 Ra8 20. Bc5 dxc5
21. Rxe5 Rb1+ 22. Re1 Rxe1+ 23. Kxe1 Rxa2 24. Kd2 Bxg2 25. Rb1 Bd5 26. Rb5 c4
27. Rxd5 cxd3 28. Kxd3 Kg7 29. f4 Kf6 30. h4 Ke6 31. Rb5 Ra6 32. c4 f6 33. h5
Kd6 34. hxg6 hxg6 35. Kd4 Rc6 36. Ra5 e5+ 37. fxe5+ fxe5+ 38. Rxe5 Rxc4+ 39.
Kxc4 Kxe5 40. Kd3 Kf4 41. Ke2 Kg3 42. Kf1 Kh2 43. Kf2 g5 0-1

[Event "Interclub A"]
[Site "Adelaide"]
[Date "2008.05.27"]
[Round "5.3"]
[White "Anderson-Smith, William"]
[Black "Glascott, Brent"]
[Result "1-0"]
[WhiteElo "1573"]
[BlackElo "1178"]
[PlyCount "63"]
[EventDate "2008.04.29"]

1. d4 d5 2. c4 Nf6 3. cxd5 Nxd5 4. e4 Nb6 5. Bd3 Nc6 6. Ne2 e6 7. O-O Be7 8.
Nbc3 O-O 9. Be3 Nd7 10. Rc1 Nf6 11. h3 Nb4 12. Bb1 Bd7 13. a3 Nc6 14. Qc2 Ne8
15. f4 f6 16. d5 Nb8 17. dxe6 Bxe6 18. Nd4 Qc8 19. Nxe6 Qxe6 20. Ba2 Qxa2 21.
Nxa2 Nc6 22. Nb4 Nxb4 23. axb4 b6 24. e5 Kh8 25. Rfd1 fxe5 26. fxe5 a5 27. Qc6
Ra7 28. Rf1 Rg8 29. b5 Bb4 30. Rf7 a4 31. Bxb6 cxb6 32. Rxa7 1-0

[Event "Interclub A"]
[Site "Adelaide"]
[Date "2008.05.27"]
[Round "5.4"]
[White "Atrens, Karlis"]
[Black "Eustace, Sophie"]
[Result "1/2-1/2"]
[WhiteElo "1166"]
[BlackElo "1452"]
[PlyCount "67"]
[EventDate "2008.04.29"]

1. c4 e5 2. g3 Nf6 3. Bg2 Nc6 4. Nc3 Bc5 5. d3 h6 6. Nf3 d6 7. a3 a6 8. O-O O-O
9. Qb3 Bd7 10. e3 Rb8 11. Nd2 Re8 12. Nd5 Nxd5 13. Bxd5 Ne7 14. Bg2 c6 15. Ne4
Qc7 16. Nxc5 dxc5 17. Qd1 Rbd8 18. Qh5 Bf5 19. Be4 Qd7 20. Qe2 Bh3 21. Rd1 Be6
22. b3 Bf5 23. Bb2 Bxe4 24. dxe4 Qc7 25. Qg4 Ng6 26. h4 Qb6 27. h5 Qxb3 28.
hxg6 Qxb2 29. gxf7+ Kxf7 30. Rdb1 Qc3 31. Rxb7+ Re7 32. Qf5+ Ke8 33. Qg6+ Kf8
34. Qf5+ 1/2-1/2

[Event "Interclub A"]
[Site "Adelaide"]
[Date "2008.05.27"]
[Round "5.1"]
[White "Mdinaradze, Edgar"]
[Black "Jackson, Ralph E"]
[Result "0-1"]
[WhiteElo "1908"]
[BlackElo "1901"]
[PlyCount "110"]
[EventDate "2008.04.29"]

1. d4 g6 2. c4 Bg7 3. Nc3 d6 4. e4 Nc6 5. Be3 e5 6. Nge2 Nf6 7. f3 exd4 8. Nxd4
O-O 9. Qd2 a6 10. Be2 Bd7 11. O-O Qb8 12. Rac1 Re8 13. Rfd1 b6 14. Nxc6 Bxc6
15. Nd5 a5 16. Bg5 Qd8 17. Qf4 Bxd5 18. cxd5 Ra7 19. Rc6 Re5 20. a4 Qe7 21. Bf1
h6 22. Bxf6 Qxf6 23. Qd2 Re7 24. b3 Qb2 25. Qd3 Bf6 26. g3 Qe5 27. Qe3 Kg7 28.
Bg2 Qb2 29. Qd3 h5 30. Rc2 Qa3 31. h3 h4 32. f4 hxg3 33. Qxg3 b5 34. axb5 Qb4
35. Qd3 a4 36. bxa4 Rxa4 37. Kh1 Qa5 38. Rb1 Ra3 39. Qc4 Ra4 40. Qb3 Bd4 41.
Rc4 Ra3 42. Qd1 Bf6 43. Rc6 Ra2 44. b6 cxb6 45. Rxd6 Rd2 46. Qc1 Qa2 47. e5
Bxe5 48. fxe5 Rxg2 49. Qf1 Rf2 50. Qg1 Rxe5 51. Rf1 Ree2 52. Rxf2 Rxf2 53. h4
Qe2 54. Qa1+ Kh7 55. Rxg6 Rh2+ 0-1

[Event "Interclub A"]
[Site "Adelaide"]
[Date "2008.05.27"]
[Round "5.2"]
[White "Haydn, Gavin"]
[Black "Juszczynski, Mathew"]
[Result "0-1"]
[WhiteElo "1551"]
[BlackElo "1906"]
[PlyCount "112"]
[EventDate "2008.04.29"]

1. d4 Nf6 2. c4 e6 3. Nc3 c5 4. d5 exd5 5. cxd5 d6 6. e4 g6 7. f4 a6 8. a4 Bg7
9. Nf3 O-O 10. Bd3 Bg4 11. h3 Bxf3 12. Qxf3 Nbd7 13. O-O Qc7 14. b3 Rfe8 15.
Rb1 c4 16. bxc4 Nc5 17. e5 dxe5 18. fxe5 Qxe5 19. Bc2 Re7 20. Bb2 Qe3+ 21. Qxe3
Rxe3 22. Nd1 Re2 23. Bxg6 hxg6 24. Bxf6 Rae8 25. Bxg7 Kxg7 26. Nf2 Rc2 27. Rbc1
Ree2 28. Rxc2 Rxc2 29. Rd1 Rxc4 30. d6 Nd7 31. a5 Kf6 32. Ng4+ Ke6 33. Rb1 f5
34. Ne3 Re4 35. Nc2 Nc5 36. Rb6 Kd7 37. Nb4 Rd4 38. Kh2 g5 39. Nc2 Rxd6 40.
Rxd6+ Kxd6 41. Nd4 Ke5 42. Nf3+ Kf4 43. h4 gxh4 44. Nxh4 Nb3 45. Ng6+ Ke4 46.
Nf8 Nxa5 47. Nd7 Nb3 48. Kg3 a5 49. Nb6 Nc5 50. Nc4 a4 51. Nd6+ Kd3 52. Nb5 Kc4
53. Nd6+ Kb4 54. Nxf5 a3 55. Nd4 a2 56. Kf3 Nb3 0-1

[Event "Interclub A"]
[Site "Adelaide"]
[Date "2008.05.27"]
[Round "5.3"]
[White "Lang, Grahame"]
[Black "Rigo, Bernard"]
[Result "0-1"]
[WhiteElo "1703"]
[BlackElo "1777"]
[PlyCount "66"]
[EventDate "2008.04.29"]

1. e4 e5 2. Nf3 Nc6 3. Bb5 a6 4. Ba4 Nf6 5. O-O b5 6. Bb3 Bb7 7. Ng5 d5 8. exd5
Nd4 9. Re1 Bd6 10. Nf3 Nxb3 11. Nxe5 O-O 12. axb3 Nxd5 13. d4 f6 14. Nf3 Re8
15. Bd2 Rxe1+ 16. Bxe1 Qd7 17. Nbd2 Nf4 18. Nf1 Re8 19. Ne3 Qc6 20. c4 Qe4 21.
c5 Bf8 22. Qc2 Qe6 23. Qf5 Ne2+ 24. Kf1 Qxb3 25. c6 Bxc6 26. Rxa6 Bxf3 27. Qxf3
Nxd4 28. Qd5+ Qxd5 29. Nxd5 c5 30. Bc3 Rd8 31. Nc7 b4 32. Bxd4 Rxd4 33. Ne6 Rd6
$138 0-1

[Event "Interclub A"]
[Site "Adelaide"]
[Date "2008.05.27"]
[Round "5.4"]
[White "Bortsova, Natasha"]
[Black "Staak, Eric"]
[Result "0-1"]
[WhiteElo "1102"]
[BlackElo "1473"]
[PlyCount "82"]
[EventDate "2008.04.29"]

1. d4 Nf6 2. c4 e6 3. Nc3 Bb4 4. Qc2 O-O 5. Nf3 h6 6. e3 b6 7. Bd3 Bb7 8. Bd2
d6 9. a3 Bxc3 10. Bxc3 Nbd7 11. e4 c5 12. d5 exd5 13. exd5 Re8+ 14. Kd2 Ng4 15.
Ne1 Qg5+ 16. Kd1 Nge5 17. h4 Qe7 18. Be2 b5 19. b3 bxc4 20. bxc4 Ba6 21. Bxe5
Qxe5 22. Rb1 Nb6 23. Nf3 Qf6 24. a4 Nxd5 25. Rb3 Nf4 26. Re1 Nxg2 27. Rg1 Nf4
28. Re1 Nxe2 29. Rxe2 Rxe2 30. Qxe2 Qa1+ 31. Kc2 Qxa4 32. Kc3 Re8 33. Qd3 Qa1+
34. Kc2 Qa4 35. Kc3 Qc6 36. h5 Bb7 37. Nh4 Bc8 38. Nf5 Bxf5 39. Qxf5 Qc7 40.
Qf3 Rb8 41. Ra3 Qb6 0-1

[Event "Interclub A"]
[Site "Adelaide"]
[Date "2008.05.27"]
[Round "5.1"]
[White "Zulfic, Fedja"]
[Black "Cloudsdale, Colin"]
[Result "1-0"]
[WhiteElo "1862"]
[BlackElo "1962"]
[Annotator "Anderson-Smith,W.T."]
[PlyCount "55"]
[EventDate "2008.04.29"]

1. d4 Nf6 2. Nf3 e6 3. e3 b6 4. Bd3 Bb7 5. O-O Be7 6. c4 c5 7. Nc3 Nc6 8. a3
O-O 9. d5 Nb8 10. e4 exd5 11. exd5 d6 12. b3 Nbd7 13. Bb2 Nh5 14. Rc1 Nf4 15.
Bb1 Bf6 16. Qc2 Ng6 17. Ne4 Bxb2 18. Qxb2 Nde5 19. Nxe5 Nxe5 20. f4 Ng4 21. Rf3
f5 22. Ng5 Qf6 23. Qxf6 Rxf6 24. Re1 Rff8 25. h3 Nh6 26. Re7 Ba6 27. Ne6 Rf7
28. Rxf7 $138 1-0

[Event "Interclub A"]
[Site "Adelaide"]
[Date "2008.05.27"]
[Round "5.2"]
[White "Milton, Anthony W"]
[Black "Saint, Andrew"]
[Result "1-0"]
[WhiteElo "1500"]
[BlackElo "1922"]
[PlyCount "83"]
[EventDate "2008.04.29"]

1. d4 Nf6 2. c4 c5 3. d5 d6 4. Nc3 g6 5. e4 Bg7 6. Bd3 O-O 7. f4 e6 8. Nf3 exd5
9. cxd5 Bg4 10. O-O Nbd7 11. h3 Bxf3 12. Qxf3 a6 13. a4 Rc8 14. Be3 Re8 15.
Rae1 c4 16. Bc2 Nc5 17. Bxc5 Rxc5 18. e5 dxe5 19. fxe5 Nxd5 20. Qxf7+ Kh8 21.
Ne4 Rc7 22. Nd6 Rxe5 23. Rxe5 Bxe5 24. Qe8+ Qxe8 25. Nxe8 Rg7 26. Nxg7 Kxg7 27.
Be4 Nb4 28. Bxb7 Bxb2 29. Kh1 Be5 30. Re1 Bf6 31. Re4 Nd3 32. Rxc4 a5 33. Rc7+
Kh6 34. Ba6 Nf2+ 35. Kg1 Bd4 36. Kf1 Ne4 37. Ke2 Be5 38. Rc4 Nc3+ 39. Kd3 Nd5
40. Ke4 Nb4 41. Rxb4 axb4 42. Kxe5 1-0

[Event "Interclub A"]
[Site "Adelaide"]
[Date "2008.05.27"]
[Round "5.3"]
[White "Short, Andrew"]
[Black "Griggs, James"]
[Result "0-1"]
[WhiteElo "1703"]
[BlackElo "1464"]
[PlyCount "72"]
[EventDate "2008.04.29"]

1. e4 b6 2. d4 Bb7 3. Bd3 Nc6 4. Nf3 e6 5. c3 Nf6 6. Qc2 Be7 7. a3 d6 8. O-O
Qd7 9. Nbd2 O-O-O 10. Bb5 Kb8 11. b4 Qc8 12. Ng5 Rdf8 13. Bb2 Nd7 14. Ngf3 g5
15. Rfc1 Re8 16. a4 f5 17. a5 g4 18. Ne1 Bg5 19. axb6 cxb6 20. Ra3 h5 21. Rca1
f4 22. Qb3 f3 23. Nf1 Rhg8 24. Nd3 fxg2 25. Ne3 Bxe3 26. fxe3 h4 27. Ba6 h3 28.
d5 exd5 29. Qxd5 Rg6 30. b5 Na5 31. Bxb7 Qxb7 32. Qxb7+ Kxb7 33. Nf4 Rgg8 34.
Nd5 Rxe4 35. Bc1 Rf8 36. Bd2 Ne5 0-1

[Event "Interclub A"]
[Site "Adelaide"]
[Date "2008.05.27"]
[Round "5.4"]
[White "Davey, Timothy"]
[Black "Turcaj, Pavel"]
[Result "0-1"]
[WhiteElo "1325"]
[BlackElo "1566"]
[PlyCount "78"]
[EventDate "2008.04.29"]

1. e4 c5 2. Nf3 Nc6 3. d4 cxd4 4. Nxd4 g6 5. Nxc6 bxc6 6. Nc3 Bg7 7. Bc4 Nf6 8.
e5 Ng8 9. Qf3 e6 10. Qg3 Qa5 11. f4 Ne7 12. Bd2 Qb6 13. O-O-O a5 14. Be3 Qb4
15. Bb3 Nd5 16. Rd4 Qb7 17. Ne4 O-O 18. h4 Nxe3 19. Qxe3 Qb6 20. Rd3 Qxe3+ 21.
Rxe3 f6 22. Nxf6+ Bxf6 23. exf6 Rxf6 24. g3 d5 25. c3 a4 26. Bc2 a3 27. b4 Ba6
28. Bd3 Bxd3 29. Rxd3 Rb8 30. Kc2 c5 31. h5 c4 32. Rdd1 gxh5 33. Rxh5 Rg6 34.
Rg5 Rxg5 35. fxg5 Rf8 36. Rb1 Rf2+ 37. Kc1 Rxa2 38. b5 Rf2 39. Ra1 Rf1+ 0-1

[Event "Interclub A"]
[Site "Adelaide"]
[Date "2008.06.03"]
[Round "6.1"]
[White "Goldsmith, Alan"]
[Black "Cloudsdale, Colin"]
[Result "1-0"]
[WhiteElo "2030"]
[BlackElo "1962"]
[PlyCount "61"]
[EventDate "2008.04.29"]

1. e4 c5 2. Nf3 Nc6 3. b4 cxb4 4. d4 e6 5. d5 Qf6 6. c3 Ne5 7. Nd4 exd5 8. f4
Bc5 9. fxe5 Qxe5 10. Be2 Nf6 11. Nf3 Qxe4 12. cxb4 Bxb4+ 13. Nbd2 O-O 14. O-O
Qe3+ 15. Kh1 Re8 16. Bb5 Qc5 17. Bb2 Qxb5 18. Bxf6 gxf6 19. Rb1 Qc5 20. Nb3 Qe3
21. Nbd4 Bc3 22. Nf5 Qc5 23. N3d4 Re4 24. Nb5 d6 25. Nh6+ Kh8 26. Nxf7+ Kg7 27.
Nbxd6 Be6 28. Rxb7 Rb4 29. Re7 Bxf7 30. Rxf7+ Kg8 31. Qh5 1-0

[Event "Interclub A"]
[Site "Adelaide"]
[Date "2008.06.03"]
[Round "6.2"]
[White "Milton, Anthony W"]
[Black "Vosvotekas, Ross"]
[Result "1-0"]
[WhiteElo "1500"]
[BlackElo "1649"]
[PlyCount "123"]
[EventDate "2008.04.29"]

1. d4 Nf6 2. c4 c5 3. d5 e6 4. Nc3 exd5 5. cxd5 d6 6. e4 g6 7. f4 a6 8. e5 Nh5
9. Be2 Qh4+ 10. Kf1 Ng3+ 11. hxg3 Qxh1 12. Ne4 Bf5 13. Qa4+ Bd7 14. Qb3 b5 15.
a4 b4 16. exd6 Bg7 17. Nxc5 O-O 18. Qxb4 Re8 19. Bd2 Rxe2 20. Kxe2 Qxg2+ 21.
Ke3 Nc6 22. dxc6 Re8+ 23. Kd3 Bf5+ 24. Kc4 Qxc6 25. Kb3 Qxd6 26. Bc3 Rb8 27.
Nxa6 Rxb4+ 28. Nxb4 Be6+ 29. Kc2 Qc5 30. Ne2 Qc4 31. Kd2 Bf8 32. Nc2 Qe4 33.
Ncd4 Bc4 34. Rd1 Bg7 35. a5 Bxe2 36. Nxe2 Bxc3+ 37. Nxc3 Qb4 38. Rb1 Qxa5 39.
b4 Qb6 40. b5 Kf8 41. Re1 Qd4+ 42. Kc2 Qf2+ 43. Re2 Qxg3 44. b6 Qxf4 45. Kb1 h5
46. b7 h4 47. Rb2 Qb8 48. Ne4 Ke7 49. Nc5 h3 50. Na6 Qf4 51. b8=Q Qf1+ 52. Kc2
Qxa6 53. Rb7+ Kf6 54. Rb6+ Qxb6 55. Qxb6+ Kg5 56. Qd6 Kg4 57. Kd2 g5 58. Ke2 f5
59. Kf2 f4 60. Qe6+ Kh4 61. Kf3 g4+ 62. Qxg4# 1-0

[Event "Interclub A"]
[Site "Adelaide"]
[Date "2008.06.03"]
[Round "6.3"]
[White "Cooke, Tristrom"]
[Black "Griggs, James"]
[Result "1-0"]
[WhiteElo "1558"]
[BlackElo "1464"]
[PlyCount "67"]
[EventDate "2008.04.29"]

1. e4 b6 2. d4 Bb7 3. Nc3 e6 4. Bd3 Bb4 5. Nge2 Nf6 6. O-O Nc6 7. e5 Nd5 8.
Nxd5 exd5 9. c3 Be7 10. Nf4 Bg5 11. Nxd5 Nxd4 12. Bxg5 Qxg5 13. f4 Qd8 14.
Nxc7+ Qxc7 15. cxd4 h5 16. Rc1 Qd8 17. Bc4 Rc8 18. d5 Rh6 19. d6 Kf8 20. Qb3
Rg6 21. Bd5 Ba6 22. Rxc8 Qxc8 23. Bxf7 Rxg2+ 24. Kxg2 Bxf1+ 25. Kxf1 Qc1+ 26.
Kg2 Qxf4 27. Bg6 Qg5+ 28. Qg3 Qd8 29. Qf3+ Kg8 30. Qxh5 Qa8+ 31. Kg3 Qd5 32.
Qh7+ Kf8 33. Qh8+ Qg8 34. Qxg8+ 1-0

[Event "Interclub A"]
[Site "Adelaide"]
[Date "2008.06.03"]
[Round "6.1"]
[White "Jackson, Ralph E"]
[Black "Zulfic, Fedja"]
[Result "1/2-1/2"]
[WhiteElo "1901"]
[BlackElo "1862"]
[PlyCount "77"]
[EventDate "2008.04.29"]

1. d4 d5 2. Nf3 c6 3. e3 f5 4. c4 e6 5. a4 Nf6 6. Nc3 Bd6 7. Bd3 O-O 8. cxd5
exd5 9. Qb3 Kh8 10. a5 Qe8 11. Ne2 Ne4 12. Bd2 Qe7 13. h4 Be6 14. Nf4 Bg8 15.
g3 Bxf4 16. gxf4 c5 17. Qa4 Nc6 18. h5 cxd4 19. Nxd4 Nc5 20. Nxc6 Nxd3+ 21. Ke2
Nxf4+ 22. Qxf4 bxc6 23. h6 c5 24. hxg7+ Qxg7 25. Rag1 Qxb2 26. Rb1 Qg7 27. Rhg1
Qe7 28. Rb7 Qf6 29. Rd7 Rad8 30. Rxa7 d4 31. Qc7 Rf7 32. Qxc5 d3+ 33. Kf1 Qa1+
34. Kg2 Rg7+ 35. Rxg7 Qxg7+ 36. Kf1 Qa1+ 37. Kg2 Qg7+ 38. Kf1 Qa1+ 39. Kg2
1/2-1/2

[Event "Interclub A"]
[Site "Adelaide"]
[Date "2008.06.03"]
[Round "6.2"]
[White "Saint, Andrew"]
[Black "Haydn, Gavin"]
[Result "0-1"]
[WhiteElo "1922"]
[BlackElo "1551"]
[PlyCount "62"]
[EventDate "2008.04.29"]

1. c4 Nf6 2. Nc3 e5 3. g3 c6 4. d4 exd4 5. Qxd4 d5 6. Bg5 Be7 7. cxd5 cxd5 8.
e3 Nc6 9. Qa4 O-O 10. Nge2 h6 11. Bxf6 Bxf6 12. Bg2 d4 13. exd4 Bd7 14. d5 Nd4
15. Qd1 Re8 16. O-O Bg4 17. f3 Nxe2+ 18. Nxe2 Bf5 19. Qd2 Qb6+ 20. Kh1 Qxb2 21.
Qxb2 Bxb2 22. Rae1 Bd3 23. Nf4 Bxf1 24. Rxf1 Rac8 25. Nd3 Rc2 26. d6 Ree2 27.
d7 Bf6 28. Nf4 Red2 29. Bh3 Rxh2+ 30. Kg1 Rhd2 31. Re1 Bd4+ 0-1

[Event "Interclub A"]
[Site "Adelaide"]
[Date "2008.06.03"]
[Round "6.3"]
[White "Hatch, John"]
[Black "Short, Andrew"]
[Result "0-1"]
[WhiteElo "1466"]
[BlackElo "1703"]
[PlyCount "81"]
[EventDate "2008.04.29"]

1. d4 Nf6 2. c4 g6 3. Nc3 Bg7 4. Nf3 d6 5. e4 O-O 6. Be2 e5 7. d5 a5 8. O-O Na6
9. Bg5 Bd7 10. Qd2 Nc5 11. Bd3 h6 12. Be3 Nxd3 13. Qxd3 Ng4 14. Bd2 f5 15. h3
Nf6 16. Nh4 fxe4 17. Nxe4 Nxe4 18. Qxe4 Qf6 19. Rae1 g5 20. Nf3 Bf5 21. Qe3 Qg6
22. Kh1 Bd3 23. Rg1 Bxc4 24. Rc1 Bxd5 25. Rxc7 Qf5 26. Ne1 Bc6 27. f3 Qe6 28.
b3 d5 29. Qc5 Bf6 30. Qc2 Be7 31. Bc3 d4 32. Bb2 Rf6 33. Nd3 Qd6 34. Rxe7 Qxe7
35. Re1 Re6 36. Nc5 Rd6 37. Qd3 Re8 38. Qc4+ Qf7 39. Qd3 b6 40. Ne4 Bxe4 41.
fxe4 0-1

[Event "Interclub A"]
[Site "Adelaide"]
[Date "2008.06.03"]
[Round "6.4"]
[White "Turcaj, Pavel"]
[Black "Bortsova, Natasha"]
[Result "0-1"]
[WhiteElo "1566"]
[BlackElo "1102"]
[PlyCount "64"]
[EventDate "2008.04.29"]

1. e4 c5 2. Nf3 d6 3. d4 cxd4 4. Nxd4 Nf6 5. Nc3 a6 6. Bc4 b5 7. Bb3 b4 8. Nb1
e5 9. Nf3 Bb7 10. Nbd2 Nxe4 11. Nxe4 Bxe4 12. O-O Be7 13. Qe1 Bxf3 14. gxf3 a5
15. Qe4 Nd7 16. f4 Nf6 17. Qc6+ Kf8 18. fxe5 dxe5 19. Bg5 Rc8 20. Qb5 Rc5 21.
Qb7 Rg8 22. Rad1 Qc8 23. Qf3 e4 24. Qf4 Rf5 25. Qh4 h6 26. Be3 Ng4 27. Bc5 Rxc5
28. Qh3 Rg5 29. Kh1 Nxf2+ 30. Rxf2 Qxh3 31. Rxf7+ Ke8 32. Rf2 Bc5 0-1

[Event "Interclub A"]
[Site "Adelaide"]
[Date "2008.06.03"]
[Round "6.1"]
[White "Hubczenko, Ilya"]
[Black "Mdinaradze, Edgar"]
[Result "0-1"]
[WhiteElo "1576"]
[BlackElo "1908"]
[PlyCount "90"]
[EventDate "2008.04.29"]

1. e4 d6 2. d4 Nf6 3. Nc3 g6 4. Nf3 Bg7 5. h3 c6 6. a4 a5 7. Be3 Na6 8. Be2 Nb4
9. Nd2 Qc7 10. Ncb1 Nd7 11. c3 Na6 12. f4 e5 13. fxe5 dxe5 14. O-O O-O 15. Na3
exd4 16. cxd4 Nf6 17. Bf4 Qd8 18. Be5 Be6 19. Nac4 Ne8 20. Bxg7 Kxg7 21. Nf3
Nb4 22. e5 Nd5 23. Qd2 h6 24. Rad1 b5 25. axb5 cxb5 26. Ne3 Nec7 27. Nh2 Nxe3
28. Qxe3 Nd5 29. Qd2 b4 30. Bg4 Ra6 31. Bxe6 Rxe6 32. Ng4 Qg5 33. Qxg5 hxg5 34.
Rf3 Rd8 35. g3 a4 36. Nf2 Ra6 37. Ne4 a3 38. bxa3 Rxa3 39. Rfd3 Rda8 40. Rxa3
bxa3 41. Rf1 a2 42. Ra1 Ra3 43. Kf2 Nb4 44. Nxg5 Nc2 45. Rd1 Nxd4 0-1

[Event "Interclub A"]
[Site "Adelaide"]
[Date "2008.06.03"]
[Round "6.2"]
[White "Juszczynski, Mathew"]
[Black "Harrison, Richard"]
[Result "1-0"]
[WhiteElo "1906"]
[BlackElo "1085"]
[PlyCount "23"]
[EventDate "2008.04.29"]

1. e4 e5 2. Nf3 Nc6 3. Bb5 f5 4. d3 fxe4 5. dxe4 Nf6 6. O-O Bc5 7. Bg5 d6 8.
Nc3 h6 9. Bh4 Bd7 10. Nd5 g5 11. Nxg5 Nxd5 12. Qh5+ 1-0

[Event "Interclub A"]
[Site "Adelaide"]
[Date "2008.06.03"]
[Round "6.3"]
[White "Glascott, Brent"]
[Black "Lang, Grahame"]
[Result "1-0"]
[WhiteElo "1178"]
[BlackElo "1703"]
[PlyCount "39"]
[EventDate "2008.04.29"]

1. e4 e5 2. Nf3 f5 3. Nxe5 Nc6 4. Qh5+ g6 5. Nxg6 Nf6 6. Qh4 Rg8 7. Nxf8 Rg4 8.
Qh6 Rxe4+ 9. Be2 Nd4 10. Nc3 Nxc2+ 11. Kd1 Nxa1 12. Nxe4 fxe4 13. Nxh7 Nxh7 14.
Qxh7 Qf6 15. Bh5+ Kd8 16. Qg8+ Ke7 17. d3 e3 18. Bxe3 Qxb2 19. Qf7+ Kd6 20.
Bf4+ 1-0

[Event "Interclub A"]
[Site "Adelaide"]
[Date "2008.06.04"]
[Round "6.4"]
[White "Staak, Eric"]
[Black "Atrens, Karlis"]
[Result "1/2-1/2"]
[WhiteElo "1473"]
[BlackElo "1166"]
[PlyCount "99"]
[EventDate "2008.04.29"]

1. e4 c6 2. d4 d5 3. Nc3 dxe4 4. Nxe4 Bf5 5. Ng3 Bg6 6. f4 e6 7. Nf3 Nd7 8. Bd3
Bxd3 9. Qxd3 Bd6 10. Bd2 Ngf6 11. Ne5 Bc7 12. Ne4 Nxe4 13. Qxe4 Nf6 14. Qd3 Qd5
15. O-O Bb6 16. Be3 Rd8 17. c4 Qe4 18. c5 Bc7 19. Qxe4 Nxe4 20. b4 Nc3 21. Nf3
Nd5 22. Bd2 Nxf4 23. Bxf4 Bxf4 24. Rae1 O-O 25. g3 Bc7 26. Kf2 a5 27. Rb1 b5
28. a3 a4 29. Ke3 f6 30. Rbe1 Rfe8 31. Rd1 Rd5 32. Rd3 Rdd8 33. Rfd1 Rd5 34.
Ke4 Rdd8 35. g4 Rd5 36. R1d2 Rdd8 37. h4 Rd5 38. g5 f5+ 39. Ke3 Bg3 40. Rg2 Bc7
41. Rgd2 Bg3 42. Re2 Bc7 43. Kf2 Bf4 44. Rc3 Re7 45. Re1 Re8 46. Rd1 Re7 47.
Rcd3 Red7 48. Kg2 Rd8 49. h5 R8d7 50. g6 1/2-1/2

[Event "Interclub A"]
[Site "Adelaide"]
[Date "2008.06.03"]
[Round "6.1"]
[White "Zaric, Srboljub"]
[Black "Kerr, Bill"]
[Result "1/2-1/2"]
[WhiteElo "2101"]
[BlackElo "1958"]
[PlyCount "73"]
[EventDate "2008.04.29"]

1. e4 Nc6 2. Nf3 d6 3. h3 e5 4. Nc3 g6 5. Bc4 Be6 6. Bxe6 fxe6 7. d4 exd4 8.
Nxd4 Qf6 9. Nxc6 bxc6 10. O-O Bg7 11. Qe2 Ne7 12. Be3 a5 13. Rad1 Rb8 14. Bc1
O-O 15. Qa6 Qe5 16. a3 Ra8 17. Qc4 d5 18. Qc5 Qd6 19. Na4 Rfb8 20. Bg5 Nc8 21.
b3 Rb5 22. Qe3 d4 23. Qc1 Qe5 24. Bf4 Qxe4 25. Bxc7 Ne7 26. Rde1 Qf5 27. Nb6
Ra7 28. a4 Rc5 29. Bd6 Rxc2 30. Qa3 d3 31. Bxe7 Bd4 32. Qd6 Bxb6 33. Bh4 Ra8
34. Rxe6 Rf8 35. g4 Qf3 36. Rxg6+ hxg6 37. Qxg6+ 1/2-1/2

[Event "Interclub A"]
[Site "Adelaide"]
[Date "2008.06.03"]
[Round "6.2"]
[White "Jelic, Mato"]
[Black "Ballard, Peter"]
[Result "1-0"]
[WhiteElo "1741"]
[BlackElo "1905"]
[PlyCount "57"]
[EventDate "2008.04.29"]

1. c4 e5 2. g3 d6 3. Bg2 f5 4. d3 Nf6 5. Nc3 c6 6. e4 Be7 7. Nge2 O-O 8. O-O
Kh8 9. f4 fxe4 10. Nxe4 Be6 11. N2c3 Nbd7 12. h3 Nxe4 13. Nxe4 Qb6+ 14. Kh2 d5
15. cxd5 Bxd5 16. Qe2 Rae8 17. Be3 Qa5 18. a3 exf4 19. Bxf4 Nf6 20. Rae1 Qd8
21. Qc2 Nh5 22. Be5 Rxf1 23. Rxf1 Bg5 24. Qc3 Qe7 25. d4 Rf8 26. Bd6 Rxf1 27.
Bxe7 Bxe7 28. Bxf1 Bxe4 29. Qe3 1-0